• 首页
  • 本馆介绍
  • 公告通知
  • 最新文献
  • 馆藏检索
  • 电子资源
  • 读者导购
  • 参考咨询
  • 我的图书馆
  • 登录
  • 详细信息显示
  • 放入我的书架
  • 预约/预借图书
  • 作者相关作品
  • 分类相关作品
  • 丛书相关作品
  • 出版社相关作品

书目信息

  • 表格格式
  • 工作单格式
  • 卡片格式
题名:
水土保持与水生态保护实务
    
 
作者: 邹林 主编
分册:  
出版信息: 北京   中国水利水电出版社  2017
页数: 203页
开本: 26cm
丛书名: 全国水利行业“十三五”规划教材
单 册:
中图分类: S157 , X143
科图分类:
主题词: 水土保持--shui tu bao chi--职业培训--教材 , 水环境--shui huan jing--生态环境--环境保护--职业培训--教材
电子资源:
ISBN: 978-7-5170-5394-1
000 01174nam 2200301 450
001 012001000444
005 20131106092639.0
010    @a978-7-5170-5394-1@dCNY35.00
099    @aCAL 012017116607
100    @a20170713d2017 em y0chiy50 ea
101 0  @achi
102    @aCN@b110000
105    @aak a 000yy
106    @ar
200 1  @a水土保持与水生态保护实务@Ashui tu bao chi yu shui sheng tai bao hu shi wu@f主编邹林
210    @a北京@c中国水利水电出版社@d2017
215    @a203页@c图@d26cm
225 2  @a全国水利行业“十三五”规划教材@Aquan guo shui li hang ye “shi san wu ”gui hua jiao cai@i职工培训
320    @a有书目 (第203页)
330    @a本书是基层水利职工培训系列教材之一,主要内容包括水土保持、水生态保护概念;水土保持工程;水土保持监理;水土保持方案编制及案例分析;水生态监测;水生态保护管理等。
410  0 @12001 @a全国水利行业“十三五”规划教材@i职工培训
606 0  @a水土保持@Ashui tu bao chi@x职业培训@j教材
606 0  @a水环境@Ashui huan jing@x生态环境@x环境保护@x职业培训@j教材
690    @aS157@v4
690    @aX143@v4
701  0 @a邹林@Azou lin@4主编
801  0 @aCN@b北京卓展文化@c20191020
905    @b1196148-51@dS157@e105@f4
    
    水土保持与水生态保护实务/主编邹林.-北京:中国水利水电出版社,2017
    203页:图;26cm.-(全国水利行业“十三五”规划教材.职工培训)
    
    
    ISBN 978-7-5170-5394-1:CNY35.00
    本书是基层水利职工培训系列教材之一,主要内容包括水土保持、水生态保护概念;水土保持工程;水土保持监理;水土保持方案编制及案例分析;水生态监测;水生态保护管理等。
●
相关链接 在E读中查询图书 在五车中查询图书 在当当中查询图书 在豆瓣中查询图书


正题名:水土保持与水生态保护实务     索取号:S157/105         预约/预借

序号 登录号 条形码 馆藏地/架位号 状态 备注
1 1196148   211961484   第二样本阅览室/ [索取号:S157/105] 在馆    
2 1196149   211961493   第三借阅区/ [索取号:S157/105] 在馆    
3 1196150   211961509   第三借阅区/ [索取号:S157/105] 在馆    
4 1196151   211961518   第三借阅区/ [索取号:S157/105] 在馆    
唐山师范学院图书馆 欢迎您!
大连网信软件有限公司© 版权所有